CPA examination reviewer auditing theory. / (Record no. 1195)

MARC details
000 -LEADER
fixed length control field 00693nam a22002177a 4500
003 - CONTROL NUMBER IDENTIFIER
control field OSt
005 - DATE AND TIME OF LATEST TRANSACTION
control field 20240624025430.0
008 - FIXED-LENGTH DATA ELEMENTS--GENERAL INFORMATION
fixed length control field 240624b |||||||| |||| 00| 0 eng d
020 ## - INTERNATIONAL STANDARD BOOK NUMBER
International Standard Book Number 9786214160433
040 ## - CATALOGING SOURCE
Original cataloging agency DWC- Main Lib
Transcribing agency OC
082 ## - DEWEY DECIMAL CLASSIFICATION NUMBER
Classification number Fil. 657.45 R786c 2018
100 ## - MAIN ENTRY--PERSONAL NAME
Personal name Roque, Gerardo S
245 ## - TITLE STATEMENT
Title CPA examination reviewer auditing theory. /
Statement of responsibility, etc. Gerardo S Roque.
250 ## - EDITION STATEMENT
Edition statement 2018-2019 edition
260 ## - PUBLICATION, DISTRIBUTION, ETC.
Place of publication, distribution, etc. Manila, Philippines :
Name of publisher, distributor, etc. GIC Enterprises & Co., Inc.,
Date of publication, distribution, etc. c2018.
300 ## - PHYSICAL DESCRIPTION
Extent 922 pages :
Other physical details illustrations ;
Dimensions 23cm.
500 ## - GENERAL NOTE
General note Includes bibliographic references.
650 ## - SUBJECT ADDED ENTRY--TOPICAL TERM
Topical term or geographic name entry element 1. Auditing - Examination
650 ## - SUBJECT ADDED ENTRY--TOPICAL TERM
Topical term or geographic name entry element 2. Auditing - problems
942 ## - ADDED ENTRY ELEMENTS (KOHA)
Source of classification or shelving scheme Dewey Decimal Classification
Koha item type Book-Filipiniana
Suppress in OPAC Yes

No items available.